00582nam a2200205Ia 4500008004100000050001100041050001500052100002900067245005200096245002900148260003100177260001000208260001000218300001500228300002000243300001100263500005600274521002700330999001900357170504s9999 xx 000 0 und d aHD 28  b.M114 2016 aMacalinga, Robin Paul P. aInventory system with POS for raszoul trading / cRobin Paul P. Macalinga. aLas Piñas, Philippines : bSISC, c2016. a49 pages : billustrations ; c28 cm. aIncludes bibliographical references and appendices. aInformation Technology c329772d329772